[Event "Hamburg State-ch U16"]
[Site "Cuxhaven"]
[Date "2005.03.17"]
[Round "8"]
[White "Le, Mike"]
[Black "Lienau, Raphael"]
[Result "1/2-1/2"]
[WhiteElo "1285"]
[BlackElo "1159"]
[PlyCount "45"]
[EventDate "2005.03.12"]
[EventType "swiss"]
[EventRounds "9"]
[EventCountry "GER"]
[SourceTitle "EXT 2007"]
[Source "ChessBase"]
[SourceDate "2006.11.23"]
[SourceVersion "1"]
[SourceVersionDate "2006.11.23"]
[SourceQuality "1"]

1. Nf3 Nc6 2. g3 Nf6 3. Bg2 g6 4. 0-0 Bg7 5. d4 d5 6. Nbd2 0-0 7. e3 Bf5 8. c4 e6 9. cxd5 exd5 10. a3 Qd7 11. Nb3 b6 12. Nh4 Bh3 13. Qc2 Bxg2 14. Nxg2 Ne7 15. Bd2 Rac8 16. Nf4 g5 17. Nd3 Qh3 18. Ne5 Ne4 19. Nc6 Nxc6 20. Qxc6 Rfd8 21. a4 h5 22. Be1 Qd7 23. Qxd7 1/2-1/2

[Event "Hamburg State-ch U16"]
[Site "Cuxhaven"]
[Date "2005.03.16"]
[Round "7"]
[White "Le, Mike"]
[Black "Oehlke, Jan Philipp"]
[Result "0-1"]
[WhiteElo "1285"]
[BlackElo "1579"]
[PlyCount "54"]
[EventDate "2005.03.12"]
[EventType "swiss"]
[EventRounds "9"]
[EventCountry "GER"]
[SourceTitle "EXT 2007"]
[Source "ChessBase"]
[SourceDate "2006.11.23"]
[SourceVersion "1"]
[SourceVersionDate "2006.11.23"]
[SourceQuality "1"]

1. e4 e5 2. Nf3 Nc6 3. Bb5 a6 4. Ba4 Nf6 5. 0-0 Be7 6. Re1 b5 7. Bb3 0-0 8. a4 Bb7 9. d3 d6 10. c3 Qd7 11. axb5 axb5 12. Rxa8 Rxa8 13. Ng5 Rf8 14. f4 d5 15. exd5 Nxd5 16. fxe5 Na5 17. Ba2 Bxg5 18. Bxg5 Qf5 19. Bh4 Nf4 20. Rf1 Qh3 21. Qd2 Nxg2 22. Be7 Ne3 23. Rf4 Ng2 24. Bxf8 Nxf4 25. Bb4 Qg4+ 26. Kf1 Qf3+ 27. Kg1 Nh3# 0-1

[Event "Hamburg State-ch U16"]
[Site "Cuxhaven"]
[Date "2005.03.14"]
[Round "3"]
[White "Le, Mike"]
[Black "Maiorov, Daniel"]
[Result "1/2-1/2"]
[WhiteElo "1285"]
[BlackElo "1648"]
[PlyCount "23"]
[EventDate "2005.03.12"]
[EventType "swiss"]
[EventRounds "9"]
[EventCountry "GER"]
[SourceTitle "EXT 2007"]
[Source "ChessBase"]
[SourceDate "2006.11.23"]
[SourceVersion "1"]
[SourceVersionDate "2006.11.23"]
[SourceQuality "1"]

1. e4 c5 2. Nc3 e6 3. Nf3 Nc6 4. Bc4 Nge7 5. d4 cxd4 6. Nxd4 Nxd4 7. Qxd4 Nc6 8. Qd1 Qc7 9. Nb5 Qe5 10. Qf3 Nd4 11. Nxd4 Qxd4 12. Qd3 1/2-1/2